[Event "Raipur Chhattisgarh"]
[Site "Raipur"]
[Date "2022.09.27"]
[Round "9"]
[White "Morvekar, Kedar"]
[Black "Saravana, Krishnan P"]
[Result "1-0"]
[WhiteElo "2093"]
[BlackElo "2261"]
[PlyCount "97"]
[EventDate "2022.09.19"]
[EventType "swiss"]
[EventRounds "10"]
[EventCountry "IND"]
[SourceTitle "CBM 210 Extra"]
[Source "ChessBase"]
[SourceDate "2022.11.30"]
[SourceVersion "1"]
[SourceVersionDate "2022.11.30"]
[SourceQuality "1"]

1. e4 c6 2. c4 e5 3. Nf3 d6 4. d4 Bg4 5. Be2 Qb6 6. d5 Nf6 7. Nc3 Be7 8. 0-0 Nbd7 9. Ne1 Bxe2 10. Qxe2 0-0 11. Be3 Qa6 12. dxc6 bxc6 13. Bg5 Rab8 14. Rd1 Rfd8 15. Bxf6 Nxf6 16. b3 Qc8 17. Nc2 g6 18. Rd3 Nh5 19. g3 Rf8 20. Ne3 Ng7 21. Nc2 Qe6 22. Kh1 f5 23. exf5 gxf5 24. f4 Rbe8 25. Re1 Bf6 26. Qd1 Qf7 27. Ne2 Be7 28. Nb4 e4 29. Rd2 Rc8 30. Nc2 d5 31. cxd5 cxd5 32. Rf1 Rfd8 33. Ne3 Rc5 34. b4 Rb5 35. Nc3 Rxb4 36. Ncxd5 Rbb8 37. Qa4 Bc5 38. Rfd1 Kh8 39. Qa6 Rd6 40. Qe2 Rg8 41. Nc4 Rdd8 42. Ne5 Qf8 43. Nc7 Rxd2 44. Rxd2 e3 45. Rd7 Be7 46. Nd5 Ne6 47. Rxe7 Qa8 48. Rxh7+ Kxh7 49. Qh5+ 1-0

[Event "Raipur Chhattisgarh"]
[Site "Raipur"]
[Date "2022.09.25"]
[Round "7"]
[White "Morvekar, Kedar"]
[Black "Srinath, Rao SV"]
[Result "0-1"]
[WhiteElo "2093"]
[BlackElo "2317"]
[PlyCount "96"]
[EventDate "2022.09.19"]
[EventType "swiss"]
[EventRounds "10"]
[EventCountry "IND"]
[SourceTitle "CBM 210 Extra"]
[Source "ChessBase"]
[SourceDate "2022.11.30"]
[SourceVersion "1"]
[SourceVersionDate "2022.11.30"]
[SourceQuality "1"]

1. e4 e6 2. d4 d5 3. Bd3 c5 4. exd5 Qxd5 5. Nc3 Qd8 6. Nf3 Nc6 7. Be3 cxd4 8. Nxd4 Bd7 9. Be4 Nf6 10. Nxc6 bxc6 11. Qf3 Nxe4 12. Nxe4 Qa5+ 13. c3 f5 14. Ng3 Be7 15. Qh5+ g6 16. Qh6 Bf6 17. Rd1 0-0-0 18. 0-0 e5 19. Bg5 Bxg5 20. Qxg5 Rhe8 21. Ne2 Be6 22. Nc1 Rd5 23. Qf6 Qd8 24. Qxd8+ Rexd8 25. Rde1 Bf7 26. f3 Kc7 27. b3 Kd6 28. Rf2 Ke6 29. Rfe2 Kf6 30. c4 Rd1 31. Kf2 g5 32. Rxd1 Rxd1 33. Re1 Rd2+ 34. Re2 Rd4 35. g3 c5 36. Ke1 Bh5 37. Re3 e4 38. fxe4 Rd1+ 39. Kf2 Rxc1 40. exf5 Kxf5 41. Re7 Rc2+ 42. Kg1 Rxa2 43. Rxh7 Bf3 44. h3 Ke4 45. Re7+ Kd4 46. Rg7 Ke3 47. Re7+ Be4 48. g4 Rg2+ 0-1

[Event "Mumbai Mayors Cup 10th"]
[Site "Mumbai"]
[Date "2017.06.06"]
[Round "4"]
[White "Morvekar, Kedar"]
[Black "Dixit, Nikhil"]
[Result "0-1"]
[WhiteElo "1743"]
[BlackElo "2101"]
[PlyCount "74"]
[EventDate "2017.06.04"]
[EventType "swiss"]
[EventRounds "10"]
[EventCountry "IND"]
[SourceTitle "CBM 178 Extra"]
[Source "ChessBase"]
[SourceDate "2017.06.22"]
[SourceVersion "1"]
[SourceVersionDate "2017.06.22"]
[SourceQuality "1"]

1. e4 g6 2. Nf3 Bg7 3. d3 d6 4. g3 Nf6 5. Bg2 0-0 6. 0-0 c5 7. Nc3 Nc6 8. Ne2 Bd7 9. h3 Ne8 10. c3 Nc7 11. Ne1 Qc8 12. Kh2 f5 13. f4 Rb8 14. a4 Na5 15. Be3 fxe4 16. dxe4 Be6 17. Nc1 Nc4 18. Qe2 b5 19. axb5 Rxb5 20. Ncd3 Nxe3 21. Qxe3 c4 22. Nb4 a5 23. Nc6 Qd7 24. Nd4 Rxb2 25. Nxe6 Qxe6 26. Rxa5 Nb5 27. Qb6 Qd7 28. Nf3 Bxc3 29. Ra4 Nc7 30. Qe3 Qxa4 31. Qxc3 Qc2 32. Qxc2 Rxc2 33. Nd4 Rd2 34. Nc6 Ra8 35. Kg1 Raa2 36. Bf3 c3 37. Rc1 c2 0-1